| 000 | 00765cam a2200241 a 4500 | ||
|---|---|---|---|
| 005 | 20260322212056.0 | ||
| 008 | data | ||
| 010 | _a 92070024 | ||
| 020 |
_a0836218841 : _c{dollar}8.95 ({dollar}12.50 Can.) |
||
| 020 |
_a9780836218848 : _c{dollar}8.95 ({dollar}12.50 Can.) |
||
| 040 |
_aDLC _cDLC _dDLC |
||
| 050 | 0 | 0 |
_aPN6728.F64 _bA445 1992 |
| 082 | 0 | 0 |
_a741.5/973 _220 |
| 099 | _aAMENDB | ||
| 100 | 1 | _aAmend, Bill. | |
| 240 | 1 | 0 |
_aFoxTrot. _kSelections |
| 245 | 1 | 0 |
_aEight yards, down and out : _ba Fox trot collection / _cBill Amend. |
| 260 |
_aKansas City : _bAndrews and McMeel, _cc1992. |
||
| 300 |
_a127 p. ; _bchiefly ill. ; _c23 cm. |
||
| 500 | _aSelections from the author's Sunday comic strip collection, Fox trot. | ||
| 740 | 0 | _aFox trot. | |
| 001 | data | ||
| 999 |
_c1340 _d1340 |
||